Lepanto en las letras / por José María Martínez-Hidalgo
Publicado:
San Jorge, núm. 83 (3r trimestre 1971), pàg. 39 - 45 :
Materias:
Lepant, Batalla de, 1571 -- Bibliografia
MARC
| LEADER | 00000nam a2200000Ia 4500 | ||
|---|---|---|---|
| 008 | 160829s9999 xx 000 0 cat d | ||
| 100 | |a Martínez-Hidalgo, José María, |d 1913-2005 |9 22649 | ||
| 245 | |a Lepanto en las letras / por José María Martínez-Hidalgo | ||
| 260 | |a San Jorge, núm. 83 (3r trimestre 1971), pàg. 39 - 45 | ||
| 650 | |a Lepant, Batalla de, 1571 |x Bibliografia |9 22650 | ||
| 901 | |a Arxiu | ||
| 942 | |n 1 |2 udc | ||
| 952 | |0 0 |1 0 |4 0 |7 1 |9 42268 |a Arxiu |b Arxiu |d 2016-12-01 |l 0 |r 2016-12-01 00:00:00 |w 2016-12-01 |y ARXIU | ||
| 999 | |c 44746 |d 44746 | ||